000 00299nam a2200121Ia 4500
008 170620s9999 xx 000 0 und d
100 _aDANDEKAR-S.P.
245 0 _aCONCISE MEDICAL BIOCHEMISTRY
260 _bELSEVIER NEW DELHI
260 _c2011
300 _a404
546 _aEnglish
690 _aCONCISE MEDICAL BIOCHEMISTRY
999 _c31290
_d31290